América bajo los Austrias: economía, cultura y sociedad
Uloženo v:
| Hlavní autor: | |
|---|---|
| Médium: | Kniha |
| Jazyk: | španělština |
| Vydáno: |
Lima
Fondo Editorial de la Pontificia Universidad Católica del Perú
2001
|
| Vydání: | 1a. ed |
| Témata: | |
| Tagy: |
Přidat tag
Žádné tagy, Buďte první, kdo vytvoří štítek k tomuto záznamu!
|
MARC
| LEADER | 00000nam a2200000 a 4500 | ||
|---|---|---|---|
| 001 | UCG2818 | ||
| 003 | CL-VaPUC | ||
| 005 | 20230904095534.0 | ||
| 008 | 100729e20011100pe 1 spa d | ||
| 020 | |a 9972424472 | ||
| 082 | 0 | 4 | |a 980.013 |b NOE |2 21 |
| 100 | 1 | |a Noejovich Ch., Héctor Omar |e author |9 621655 | |
| 245 | 1 | 0 | |a América bajo los Austrias: economía, cultura y sociedad |
| 250 | |a 1a. ed | ||
| 260 | |a Lima |b Fondo Editorial de la Pontificia Universidad Católica del Perú |c 2001 | ||
| 300 | |a 415 p | ||
| 583 | |a last modification |c 20190908 07:28:29 |k Rodrigo Vera | ||
| 600 | 1 | 7 | |a AUSTRIAS |2 CL-VaPUC |9 442510 |
| 650 | 0 | 0 | |a Historia de América |9 266076 |
| 650 | 0 | 0 | |a Colonias españolas |9 267778 |
| 650 | 0 | 0 | |a América colonial |9 446254 |
| 650 | 0 | 0 | |a Historia de España |9 315435 |
| 650 | 0 | 7 | |a SIGLOS 15-17 |2 CL-VaPUC |9 378177 |
| 651 | 0 | |a América |9 255182 | |
| 942 | |c BK | ||
| 945 | |a dcastane |d 20100729 00:00:00 | ||
| 546 | |a En Español | ||
| 536 | |a Pontificia Universidad Católica del Perú | ||
| 518 | |p Congreso Internacional de Americanistas, 50, Varsovia, 2000 | ||
| 999 | |c 384566 |d 384564 | ||
| 952 | |0 0 |1 0 |4 0 |6 980_013000000000000_NOE_2001 |7 0 |8 X |9 507360 |a FDOBUD |b FDOBUD |d 2020-01-23 |i 4687272 |o 980.013 NOE 2001 |p 4687272 |r 2020-01-23 |w 2020-01-23 |y BK_X |k BUD | ||